Techniques in organic chemistry : Miniscale, standard taper microscale, and Williamson microscale

Uloženo v:
Podrobná bibliografie
Médium: Kniha
Jazyk:Undetermined
Vydáno: New York W. H. Freeman and Company 2003
Témata:
Tagy: Přidat tag
Žádné tagy, Buďte první, kdo otaguje tento záznam!
Thư viện lưu trữ: Trung tâm Học liệu Trường Đại học Cần Thơ
LEADER 00620nam a2200193Ia 4500
001 CTU_117919
008 210402s9999 xx 000 0 und d
082 |a 543.0858 
082 |b T255 
245 0 |a Techniques in organic chemistry : 
245 0 |b Miniscale, standard taper microscale, and Williamson microscale 
245 0 |c Jerry R. Mohrig ... [et al.] 
260 |a New York 
260 |b W. H. Freeman and Company 
260 |c 2003 
650 |a Chemistry, organic,Microchemistry 
650 |x Laboratory manuals,Laboratory manuals 
904 |i Năm 
980 |a Trung tâm Học liệu Trường Đại học Cần Thơ